|
|
|
|
| LEADER |
01193nam a2200337 a 4500 |
| 001 |
28175 |
| 003 |
BD-DhAAL |
| 005 |
20190523115743.0 |
| 008 |
140706s2007 txuae b s001 0 eng |
| 999 |
|
|
|c 32839
|d 32839
|
| 010 |
|
|
|a 2006038758
|
| 020 |
|
|
|a 9780292716353 (cloth : alk. paper)
|
| 020 |
|
|
|a 0292716354 (cloth : alk. paper)
|
| 020 |
|
|
|a 9780292716360 (alk. paper)
|
| 020 |
|
|
|a 0292716362 (alk. paper)
|
| 040 |
|
|
|a DLC
|c DLC
|d BAKER
|d BTCTA
|d UKM
|d C#P
|d YDXCP
|d IXA
|d DLC
|d BD-DhAAL
|
| 041 |
|
|
|a eng
|
| 050 |
0 |
0 |
|a NA2550
|b .B69 2007
|
| 082 |
0 |
0 |
|a 720
|2 22
|
| 100 |
1 |
|
|a Box, Hal.
|9 5295
|
| 245 |
1 |
0 |
|a Think like an architect /
|c Hal Box.
|
| 250 |
|
|
|a 1st ed.
|
| 260 |
|
|
|a Austin :
|b University of Texas Press,
|c 2007.
|
| 300 |
|
|
|a xii, 212 p. :
|b ill., plans ;
|c 26 cm.
|
| 490 |
|
0 |
|a Roger Fullington series in architecture
|
| 504 |
|
|
|a Includes bibliographical references (p. [187]-192) and index.
|
| 526 |
|
|
|a ARC
|
| 541 |
|
|
|e 28175
|
| 650 |
|
0 |
|a Architecture.
|9 5296
|
| 942 |
|
|
|2 ddc
|c BK
|
| 952 |
|
|
|0 0
|1 0
|2 ddc
|4 0
|6 720_000000000000000_BOX
|7 0
|9 42919
|a BRACUL
|b BRACUL
|c GEN
|d 2014-07-06
|e Trim Education
|g 3425.00
|l 11
|m 136
|o 720 BOX
|p 3010028175
|r 2026-03-02
|s 2025-08-11
|t 1
|w 2014-07-06
|y BK
|